Ч. 2; Молодежь и современные информационные технологии

Bibliographische Detailangaben
Parent link:Молодежь и современные информационные технологии: сборник трудов VIII Всероссийской научно-практической конференции студентов, аспирантов и молодых ученых, Томск, 3-5 марта 2010 г./ Томский политехнический университет (ТПУ), Институт "Кибернетический центр". Ч. 2.— , 2010
Zusammenfassung:Сборник содержит доклады, представленные на VIII Всероссийскую научно-практическую конференцию студентов, аспирантов и молодых ученых, прошедшей в Томском политехническом университете на базе института "Кибернетический центр'' и факультета автоматики и вычислительной техники. Материалы сборника отражают доклады студентов, аспирантов и молодых ученых, принятые к обсуждению на секциях: Автоматизация и управление в технических системах, Информационные системы и программные средства в производстве и управлении, Геоинформационные системы и технологии. Сборник предназначен для специалистов в области информационных технологий, студентов и аспирантов соответствующих специальностей.
Sprache:Russisch
Veröffentlicht: 2010
Schlagworte:
Format: MixedMaterials Buch
KOHA link:https://koha.lib.tpu.ru/cgi-bin/koha/opac-detail.pl?biblionumber=210124

MARC

LEADER 00000nam2a2200000 4500
001 210124
005 20231101225607.0
035 |a (RuTPU)RU\TPU\book\229495 
035 |a RU\TPU\book\208773 
090 |a 210124 
100 |a 20120220d2010 k y0rusy50 ca 
101 0 |a rus 
102 |a RU 
105 |a a z 101zy 
200 0 |a Ч. 2 
210 |d 2010 
215 |a 247 с.  |c ил. 
320 |a Библиогр. в конце докл. 
330 |a Сборник содержит доклады, представленные на VIII Всероссийскую научно-практическую конференцию студентов, аспирантов и молодых ученых, прошедшей в Томском политехническом университете на базе института "Кибернетический центр'' и факультета автоматики и вычислительной техники. Материалы сборника отражают доклады студентов, аспирантов и молодых ученых, принятые к обсуждению на секциях: Автоматизация и управление в технических системах, Информационные системы и программные средства в производстве и управлении, Геоинформационные системы и технологии. Сборник предназначен для специалистов в области информационных технологий, студентов и аспирантов соответствующих специальностей. 
461 1 |0 (RuTPU)RU\TPU\book\229788  |t Молодежь и современные информационные технологии  |o сборник трудов VIII Всероссийской научно-практической конференции студентов, аспирантов и молодых ученых, Томск, 3-5 марта 2010 г.  |f Томский политехнический университет (ТПУ), Институт "Кибернетический центр"   |v Ч. 2  |d 2010 
606 1 |a Информационные технологии  |x Вычислительная техника  |2 stltpush  |3 (RuTPU)RU\TPU\subj\36205  |9 57667 
610 1 |a технические системы 
610 1 |a автоматизация 
610 1 |a управление 
610 1 |a информационные системы 
610 1 |a программные средства 
610 1 |a геоинформационные технологии 
610 1 |a геоинформационные системы 
610 1 |a геоданные 
610 1 |a промышленная автоматизация 
610 1 |a конференции 
610 1 |a труды учёных ТПУ 
675 |a 681.3.01(063)  |v 3 
801 1 |a RU  |b 63413507  |c 20100419 
801 2 |a RU  |b 63413507  |c 20210318  |g RCR 
942 |c BK